[Event "33. Open Ciudad de San Sebastian"]
[Site "San Sebastián ESP"]
[Date "2010.04.04"]
[Round "9.11"]
[White "Argandona Riveiro, Inigo"]
[Black "Bae, Torstein"]
[Result "1-0"]
[WhiteElo "2388"]
[BlackElo "2414"]
[PlyCount "99"]
[EventDate "2010.03.28"]
[EventType "swiss"]
[EventRounds "9"]
[EventCountry "ESP"]
[Source "lmi"]
[SourceDate "2010.03.28"]

1. e4 c5 2. Nf3 d6 3. Bb5+ Nd7 4. d4 Ngf6 5. Nc3 a6 6. Bxd7+ Nxd7 7. Bg5 h6 8.
Bh4 g5 9. Bg3 Bg7 10. dxc5 Nxc5 11. Qd2 Qa5 12. Nd5 Qxd2+ 13. Nxd2 Be6 14. Nc7+
Kd7 15. Nxa8 Rxa8 16. e5 dxe5 17. O-O-O Kc6 18. Rhe1 f6 19. Nb3 Nxb3+ 20. axb3
b5 21. b4 a5 22. bxa5 Rxa5 23. Kd2 h5 24. h3 b4 25. Ra1 Rd5+ 26. Ke2 Rc5 27.
Ra6+ Kd7 28. Rd1+ Bd5 29. Ke1 Kc7 30. f3 Bb7 31. Bf2 Rxc2 32. Re6 Bf8 33. Bb6+
Kb8 34. Ba5 g4 35. hxg4 hxg4 36. fxg4 Bh6 37. Rd8+ Bc8 38. Rxe7 b3 39. Bb4 Bc1
40. Bd6+ Ka8 41. Bc7 Kb7 42. Bxe5+ Ka6 43. Bxf6 Bxg4 44. Ra8+ Kb5 45. Rb8+ Kc6
46. Rxb3 Bd2+ 47. Kf1 Ba5 48. Bc3 Bb6 49. Be1 Kd6 50. Re4 1-0

[Event "33. Open Ciudad de San Sebastian"]
[Site "San Sebastián ESP"]
[Date "2010.04.04"]
[Round "9.12"]
[White "Thomassen, Joachim"]
[Black "Ulibin, Mikhail"]
[Result "1/2-1/2"]
[WhiteElo "2331"]
[BlackElo "2516"]
[PlyCount "20"]
[EventDate "2010.03.28"]
[EventType "swiss"]
[EventRounds "9"]
[EventCountry "ESP"]
[Source "lmi"]
[SourceDate "2010.03.28"]

1. Nf3 Nf6 2. c4 c5 3. d4 cxd4 4. Nxd4 e6 5. Nc3 Bb4 6. Ndb5 O-O 7. a3 Bxc3+ 8.
Nxc3 d5 9. cxd5 exd5 10. e3 Nc6 1/2-1/2

[Event "33. Open Ciudad de San Sebastian"]
[Site "San Sebastián ESP"]
[Date "2010.04.04"]
[Round "9.13"]
[White "Torres Ganuza, Fco  Javier"]
[Black "Recuero Guerra, David"]
[Result "0-1"]
[WhiteElo "2109"]
[BlackElo "2481"]
[PlyCount "148"]
[EventDate "2010.03.28"]
[EventType "swiss"]
[EventRounds "9"]
[EventCountry "ESP"]
[Source "lmi"]
[SourceDate "2010.03.28"]

1. d4 Nf6 2. Bg5 e6 3. e3 c5 4. c3 cxd4 5. exd4 Be7 6. Bd3 b6 7. Nf3 Ba6 8. O-O
Bxd3 9. Qxd3 Nc6 10. Re1 O-O 11. Nbd2 d5 12. Ne5 Rc8 13. Qa6 Ne8 14. Nxc6 Rxc6
15. Bf4 Qa8 16. a4 Nd6 17. Bxd6 Bxd6 18. Nf3 Rb8 19. Qe2 Qb7 20. Qd3 h6 21. g4
Qe7 22. Ne5 Bxe5 23. Rxe5 Rc4 24. Qe3 Re8 25. Re1 Rxa4 26. Rxd5 Ra2 27. Rb5 Qd7
28. Qe2 Rc8 29. Rb3 Ra5 30. Qf3 Rg5 31. Re5 Rxe5 32. dxe5 Rc5 33. Qa8+ Kh7 34.
Qe4+ g6 35. Rb4 Rd5 36. Rd4 Rxd4 37. cxd4 Kg7 38. Qf4 Qd8 39. Kf1 a5 40. Ke2 b5
41. Kd3 Qd5 42. Kc2 a4 43. Qf6+ Kg8 44. Qf4 b4 45. Qe3 Qc4+ 46. Kd2 Qa2 47. Kc2
Qc4+ 48. Kd2 a3 49. bxa3 Qa2+ 50. Kc1 bxa3 51. Qc3 Qxf2 52. Qxa3 Qf4+ 53. Kb1
Qxd4 54. Qg3 Qe4+ 55. Kc1 g5 56. Kd2 Qb4+ 57. Ke2 Kf8 58. Kd1 Ke7 59. Ke2 Qe4+
60. Kf2 Qc2+ 61. Ke1 Qc1+ 62. Ke2 Qb2+ 63. Ke1 Qa1+ 64. Ke2 Qb2+ 65. Ke1 Qb4+
66. Ke2 Qb5+ 67. Kd1 Kf8 68. Kd2 Kg7 69. Kd1 Kg6 70. Kd2 Qd5+ 71. Kc3 Qc5+ 72.
Kd2 Qd4+ 73. Kc2 Kg7 74. h3 Kg6 0-1

[Event "33. Open Ciudad de San Sebastian"]
[Site "San Sebastián ESP"]
[Date "2010.04.04"]
[Round "9.14"]
[White "Huerga Leache, Mikel"]
[Black "Hagemann, Tim Dr"]
[Result "1-0"]
[WhiteElo "2446"]
[BlackElo "2164"]
[PlyCount "105"]
[EventDate "2010.03.28"]
[EventType "swiss"]
[EventRounds "9"]
[EventCountry "ESP"]
[Source "lmi"]
[SourceDate "2010.03.28"]

1. e4 e5 2. Nf3 d6 3. d4 Nf6 4. dxe5 Nxe4 5. Qd5 Nc5 6. Bg5 Qd7 7. exd6 Bxd6 8.
Nc3 Qe6+ 9. Be3 Qxd5 10. Nxd5 Ne6 11. O-O-O Nd7 12. Bc4 Nb6 13. Nxb6 axb6 14.
Bxb6 Bf4+ 15. Be3 Bxe3+ 16. fxe3 Ke7 17. a3 Ra5 18. Rhf1 f6 19. e4 Ra4 20. Bd5
c6 21. Bxe6 Bxe6 22. Nd4 g6 23. Rf4 c5 24. Nxe6 Kxe6 25. g3 b5 26. Rd5 Rc8 27.
Kd2 b4 28. axb4 Rxb4 29. b3 c4 30. Rd4 c3+ 31. Kd3 Rxb3 32. cxb3 c2 33. Rf1
c1=Q 34. Rxc1 Rxc1 35. Rc4 Rb1 36. b4 Rb2 37. Kc3 Rxh2 38. b5 Rh1 39. b6 Rb1
40. Rb4 Rc1+ 41. Kd4 Rc8 42. b7 Rd8+ 43. Kc5 Ke5 44. b8=Q+ Rxb8 45. Rxb8 Kxe4
46. Rh8 h5 47. Rh6 Kf5 48. Kd4 Kg5 49. Rh8 Kg4 50. Ke3 Kxg3 51. Rh6 g5 52. Rxh5
Kg4 53. Rh1 1-0

[Event "33. Open Ciudad de San Sebastian"]
[Site "San Sebastián ESP"]
[Date "2010.04.04"]
[Round "9.15"]
[White "Guijarro Galan, Jose Luis"]
[Black "Almeida Toledano, Daniel"]
[Result "1-0"]
[WhiteElo "2104"]
[BlackElo "2367"]
[PlyCount "110"]
[EventDate "2010.03.28"]
[EventType "swiss"]
[EventRounds "9"]
[EventCountry "ESP"]
[Source "lmi"]
[SourceDate "2010.03.28"]

1. e4 e6 2. d4 d5 3. Nc3 Nf6 4. e5 Nfd7 5. f4 c5 6. Nf3 Nc6 7. Be3 cxd4 8. Nxd4
Bc5 9. Qd2 O-O 10. O-O-O a6 11. Qf2 Bxd4 12. Bxd4 b5 13. h4 b4 14. Na4 Nxd4 15.
Qxd4 Qa5 16. b3 Bb7 17. h5 Bc6 18. h6 g6 19. f5 Bxa4 20. bxa4 Qxa4 21. Kb1 Qc6
22. Bd3 Qc3 23. Qh4 Qxe5 24. Qe7 Rad8 25. Rhe1 Qf6 26. Qxf6 Nxf6 27. fxe6 fxe6
28. Rxe6 a5 29. Rf1 Ne4 30. Rxf8+ Kxf8 31. Bxe4 Kf7 32. Bxd5 Rxd5 33. Ra6 g5
34. g4 Rd4 35. Ra7+ Kf6 36. Ra6+ Ke5 37. Rxa5+ Kf4 38. Ra7 Kxg4 39. Rxh7 Kh4
40. Rg7 Rd6 41. h7 Rh6 42. Kb2 g4 43. Kb3 g3 44. Kxb4 Kh3 45. a4 g2 46. a5 Kh2
47. c4 g1=Q 48. Rxg1 Kxg1 49. c5 Kf2 50. c6 Rxh7 51. Kb5 Ke3 52. Kb6 Kd4 53. c7
Rh8 54. a6 Kd5 55. Kb7 Kd6 1-0

[Event "33. Open Ciudad de San Sebastian"]
[Site "San Sebastián ESP"]
[Date "2010.04.04"]
[Round "9.16"]
[White "Aranaz Murillo, Amalia"]
[Black "Alvarez Fernandez, Enrique"]
[Result "1/2-1/2"]
[WhiteElo "2083"]
[BlackElo "2366"]
[PlyCount "93"]
[EventDate "2010.03.28"]
[EventType "swiss"]
[EventRounds "9"]
[EventCountry "ESP"]
[Source "lmi"]
[SourceDate "2010.03.28"]

1. Nf3 Nf6 2. c4 c6 3. d4 d5 4. Qc2 a6 5. g3 e6 6. Bg2 Be7 7. O-O O-O 8. Nbd2
b5 9. cxd5 cxd5 10. Nb3 Nbd7 11. Bf4 Ne8 12. a4 bxa4 13. Rxa4 Nb6 14. Raa1 Bd7
15. Nc5 Bb5 16. Ne5 Nd6 17. Rfc1 Bg5 18. Bxg5 Qxg5 19. e3 Rfc8 20. Qd1 Qf5 21.
Bf1 Bxf1 22. Qxf1 a5 23. b3 h5 24. Qe1 f6 25. Ned3 a4 26. bxa4 Nxa4 27. Rxa4
Rxa4 28. Nxa4 Qxd3 29. Rxc8+ Nxc8 30. Qb4 Qc4 31. Qxc4 dxc4 32. Kf1 Kf7 33. Ke2
Nd6 34. f3 g5 35. Nc5 g4 36. e4 f5 37. Ke3 gxf3 38. Kxf3 c3 39. exf5 Nxf5 40.
Ke4 c2 41. Nb3 Kf6 42. Kd3 Kg5 43. Kxc2 Kg4 44. Kd3 Kh3 45. Nc5 Kxh2 46. Nxe6
Nxd4 47. Nxd4 1/2-1/2

[Event "33. Open Ciudad de San Sebastian"]
[Site "San Sebastián ESP"]
[Date "2010.04.04"]
[Round "9.18"]
[White "Garro Beraza, Haritz"]
[Black "Cruz-Lopez Claret, Carlos"]
[Result "1/2-1/2"]
[WhiteElo "2075"]
[BlackElo "2318"]
[PlyCount "20"]
[EventDate "2010.03.28"]
[EventType "swiss"]
[EventRounds "9"]
[EventCountry "ESP"]
[Source "lmi"]
[SourceDate "2010.03.28"]

1. e4 e5 2. Nf3 Nc6 3. Bb5 f5 4. d3 fxe4 5. dxe4 Nf6 6. Qe2 Bc5 7. Be3 Bxe3 8.
Qxe3 O-O 9. Nc3 d6 10. Bc4+ Kh8 1/2-1/2

[Event "33. Open Ciudad de San Sebastian"]
[Site "San Sebastián ESP"]
[Date "2010.04.04"]
[Round "9.19"]
[White "Trepat Herranz, Joan"]
[Black "Montoya Irigoyen, Inigo"]
[Result "1-0"]
[WhiteElo "2305"]
[BlackElo "2083"]
[PlyCount "63"]
[EventDate "2010.03.28"]
[EventType "swiss"]
[EventRounds "9"]
[EventCountry "ESP"]
[Source "lmi"]
[SourceDate "2010.03.28"]

1. d4 Nf6 2. c4 e6 3. g3 c5 4. d5 exd5 5. cxd5 d6 6. Nc3 g6 7. Bg2 Bg7 8. Nf3
O-O 9. O-O Re8 10. Nd2 Nbd7 11. a4 h5 12. Nc4 Ne5 13. Nxe5 Rxe5 14. Bf4 Re8 15.
h3 a6 16. Qc2 Qe7 17. Rfe1 b6 18. e4 Nd7 19. Be3 g5 20. Qe2 h4 21. gxh4 gxh4
22. Kh1 Ne5 23. f4 Ng6 24. Qh5 Bd7 25. Rg1 b5 26. f5 b4 27. Ne2 Qe5 28. Raf1
Ra7 29. b3 Rc7 30. Bg5 Qb2 31. fxg6 fxg6 32. Qxg6 1-0

[Event "33. Open Ciudad de San Sebastian"]
[Site "San Sebastián ESP"]
[Date "2010.04.04"]
[Round "9.20"]
[White "Fletcher, John"]
[Black "Martin Alvarez, Inigo"]
[Result "0-1"]
[WhiteElo "2004"]
[BlackElo "2289"]
[PlyCount "70"]
[EventDate "2010.03.28"]
[EventType "swiss"]
[EventRounds "9"]
[EventCountry "ESP"]
[Source "lmi"]
[SourceDate "2010.03.28"]

1. d4 d5 2. e4 dxe4 3. Nc3 Nf6 4. f3 exf3 5. Nxf3 g6 6. Bc4 Bg7 7. Bg5 O-O 8.
Qd2 c6 9. Bh6 b5 10. Bd3 Bg4 11. Qg5 Bxf3 12. gxf3 Na6 13. O-O-O Nb4 14. h4
Nxd3+ 15. Rxd3 b4 16. Bxg7 Kxg7 17. Ne4 Qd5 18. Nxf6 exf6 19. Qxd5 cxd5 20. Re3
Rfe8 21. Rxe8 Rxe8 22. Kd2 f5 23. Ra1 h6 24. a3 bxa3 25. Rxa3 g5 26. hxg5 hxg5
27. Rxa7 g4 28. Ra3 Kg6 29. Re3 Rb8 30. b3 Kg5 31. Ke2 Kf4 32. fxg4 fxg4 33.
Kf2 Rh8 34. c4 Rh2+ 35. Kg1 Kxe3 0-1

[Event "33. Open Ciudad de San Sebastian"]
[Site "San Sebastián ESP"]
[Date "2010.04.04"]
[Round "9.21"]
[White "Navarrete Espi, Samuel"]
[Black "Nava Pereda, Carlos"]
[Result "0-1"]
[WhiteElo "1992"]
[BlackElo "2254"]
[PlyCount "54"]
[EventDate "2010.03.28"]
[EventType "swiss"]
[EventRounds "9"]
[EventCountry "ESP"]
[Source "lmi"]
[SourceDate "2010.03.28"]

1. e4 c5 2. Nf3 Nc6 3. d4 cxd4 4. Nxd4 e5 5. Nb5 d6 6. N1c3 a6 7. Na3 Be7 8.
Nd5 Nf6 9. Nxf6+ Bxf6 10. Nc4 Be7 11. Be3 Be6 12. Nb6 Rb8 13. Qd2 O-O 14. O-O-O
Nd4 15. Bxd4 exd4 16. Qxd4 Qc7 17. f4 Bxa2 18. Rd3 d5 19. Nxd5 Bxd5 20. exd5
Bf6 21. Qf2 Qa5 22. Kb1 Rfe8 23. Be2 Re4 24. Ra3 Qd2 25. Qa7 Rbe8 26. Bd3 Rb4
27. Ra2 Bd4 0-1

[Event "33. Open Ciudad de San Sebastian"]
[Site "San Sebastián ESP"]
[Date "2010.04.04"]
[Round "9.22"]
[White "Nelson, Jonathan P"]
[Black "Lakunza Plazaola, Asier"]
[Result "1-0"]
[WhiteElo "2245"]
[BlackElo "2093"]
[PlyCount "99"]
[EventDate "2010.03.28"]
[EventType "swiss"]
[EventRounds "9"]
[EventCountry "ESP"]
[Source "lmi"]
[SourceDate "2010.03.28"]

1. c4 e5 2. g3 Nc6 3. Bg2 g6 4. Nc3 Bg7 5. e4 d6 6. Nge2 Be6 7. d3 Nge7 8. Nd5
O-O 9. O-O Nd4 10. Nxe7+ Qxe7 11. Nxd4 exd4 12. f4 Qd7 13. Qf3 f5 14. b3 fxe4
15. dxe4 c5 16. Bd2 Rab8 17. Rf2 b5 18. cxb5 Rxb5 19. Rc1 Rb6 20. Bf1 Bg4 21.
Qd3 Kh8 22. Ba5 Rbb8 23. b4 Qa4 24. Bc7 Rxb4 25. Bxd6 c4 26. Rxc4 Rxc4 27. Qxc4
Qxc4 28. Bxc4 Rc8 29. Bd3 Rc3 30. Rd2 Bf6 31. Kg2 Bd8 32. Be5+ Kg8 33. Bxd4 Rc7
34. Rc2 Rd7 35. Bc4+ Kf8 36. Bd5 Be6 37. Bxe6 Rxd4 38. Bd5 Rb4 39. Kf3 Ke7 40.
Bg8 h6 41. h4 Rb6 42. Bb3 Rd6 43. Bd5 Kd7 44. Rd2 Ke7 45. h5 g5 46. fxg5 hxg5
47. Kg4 Kf8 48. e5 Ra6 49. Bc4 Ba5 50. Rf2+ 1-0

[Event "33. Open Ciudad de San Sebastian"]
[Site "San Sebastián ESP"]
[Date "2010.04.04"]
[Round "9.23"]
[White "Sanchez Dolado, Jorge"]
[Black "Griffiths, Ryan Rhys"]
[Result "0-1"]
[WhiteElo "1966"]
[BlackElo "2195"]
[PlyCount "58"]
[EventDate "2010.03.28"]
[EventType "swiss"]
[EventRounds "9"]
[EventCountry "ESP"]
[Source "lmi"]
[SourceDate "2010.03.28"]

1. d4 Nf6 2. c4 e6 3. Nc3 Bb4 4. Bg5 h6 5. Bh4 c5 6. d5 b5 7. f3 bxc4 8. e4 g5
9. Bg3 exd5 10. e5 d4 11. exf6 O-O 12. Kf2 dxc3 13. Be5 cxb2 14. Rb1 d6 15.
Bxb2 c3 16. h4 Qxf6 17. hxg5 hxg5 18. Qd5 cxb2 19. Bd3 Be6 20. Qxd6 Rd8 21.
Rh8+ Kxh8 22. Qh2+ Kg7 23. Qh7+ Kf8 24. Ne2 Rxd3 25. Qxd3 Bf5 26. Qd5 Bxb1 27.
Qxa8 Bf5 28. Qxb8+ Kg7 29. Ng3 Qd4+ 0-1

[Event "33. Open Ciudad de San Sebastian"]
[Site "San Sebastián ESP"]
[Date "2010.04.04"]
[Round "9.25"]
[White "Alonso Arburu, Juan Ignacio"]
[Black "Korhonen, Pasi"]
[Result "1-0"]
[WhiteElo "2372"]
[BlackElo "2102"]
[PlyCount "87"]
[EventDate "2010.03.28"]
[EventType "swiss"]
[EventRounds "9"]
[EventCountry "ESP"]
[Source "lmi"]
[SourceDate "2010.03.28"]

1. e4 c5 2. Nf3 d6 3. g3 Nf6 4. Nc3 g6 5. Bg2 Bg7 6. O-O Nc6 7. d4 cxd4 8. Nxd4
Bd7 9. Nb3 O-O 10. Qe2 Rc8 11. Bg5 h6 12. Bf4 Ne5 13. Rad1 Qc7 14. h3 Nc4 15.
Bc1 b5 16. Nb1 b4 17. c3 a5 18. Nd4 e5 19. Nc2 Bb5 20. Qf3 Nb6 21. Rfe1 Na4 22.
Re3 Nb6 23. b3 bxc3 24. Rxc3 Qe7 25. Ba3 Rfd8 26. Rxc8 Nxc8 27. Nc3 Bc6 28. Qd3
Qb7 29. Ne3 Ne8 30. Kh2 Nc7 31. Nc4 Nb5 32. Nxa5 Qb6 33. Nxc6 Nxa3 34. Nxd8
Qxd8 35. Nb5 Nxb5 36. Qxb5 Kh7 37. Qb8 Qd7 38. Bf1 f5 39. Ba6 Qa7 40. Qxa7 Nxa7
41. Rxd6 fxe4 42. a4 Kg8 43. Bc4+ Kf8 44. Ra6 1-0

[Event "33. Open Ciudad de San Sebastian"]
[Site "San Sebastián ESP"]
[Date "2010.04.04"]
[Round "9.26"]
[White "Andres Gonzalez, Ivan"]
[Black "Lopez Heras, Arturo"]
[Result "1-0"]
[WhiteElo "2340"]
[BlackElo "2001"]
[PlyCount "45"]
[EventDate "2010.03.28"]
[EventType "swiss"]
[EventRounds "9"]
[EventCountry "ESP"]
[Source "lmi"]
[SourceDate "2010.03.28"]

1. g3 e5 2. c4 d5 3. cxd5 Qxd5 4. Nf3 Nc6 5. Nc3 Qd8 6. Bg2 Be6 7. d3 f6 8. a3
Qd7 9. h4 h5 10. b4 a6 11. Ne4 Nh6 12. Bxh6 Rxh6 13. Qc1 Nd4 14. Nxd4 Qxd4 15.
O-O Qb6 16. Nc5 Bxc5 17. bxc5 Qa7 18. Rb1 Rb8 19. Qc3 Kf7 20. f4 exf4 21. Rxf4
Rhh8 22. Rfb4 b5 23. cxb6 1-0

[Event "33. Open Ciudad de San Sebastian"]
[Site "San Sebastián ESP"]
[Date "2010.04.04"]
[Round "9.27"]
[White "Hernandez, Elvis"]
[Black "Segovia Sanchez, Antonio"]
[Result "1-0"]
[WhiteElo "2277"]
[BlackElo "1998"]
[PlyCount "53"]
[EventDate "2010.03.28"]
[EventType "swiss"]
[EventRounds "9"]
[EventCountry "ESP"]
[Source "lmi"]
[SourceDate "2010.03.28"]

1. e4 d5 2. exd5 Qxd5 3. Nc3 Qa5 4. d4 Nf6 5. Nf3 Bf5 6. Ne5 c6 7. Bc4 e6 8.
O-O Bb4 9. Bd2 Nbd7 10. Re1 O-O 11. a3 Bxc3 12. Bxc3 Qc7 13. b3 Ne4 14. Qf3
Nxc3 15. Qxc3 Nf6 16. Qb2 Rfd8 17. Bf1 c5 18. dxc5 Rd2 19. b4 Rxc2 20. Qb3 Rd8
21. Ra2 Rxa2 22. Qxa2 Rd5 23. Nc4 Qf4 24. g3 Qh6 25. Ne3 Ng4 26. Nxg4 Bxg4 27.
Qxd5 1-0

[Event "33. Open Ciudad de San Sebastian"]
[Site "San Sebastián ESP"]
[Date "2010.04.04"]
[Round "9.28"]
[White "Tung, Kai Ming"]
[Black "Bjerke, Silje"]
[Result "1/2-1/2"]
[WhiteElo "1957"]
[BlackElo "2218"]
[PlyCount "159"]
[EventDate "2010.03.28"]
[EventType "swiss"]
[EventRounds "9"]
[EventCountry "ESP"]
[Source "lmi"]
[SourceDate "2010.03.28"]

1. e4 c5 2. Nf3 d6 3. c3 Nf6 4. Be2 e6 5. O-O Be7 6. Re1 O-O 7. Bf1 b6 8. d4 d5
9. e5 Ne4 10. Nbd2 Nxd2 11. Bxd2 Ba6 12. Bxa6 Nxa6 13. a3 Nb8 14. Re3 Nc6 15.
Rd3 c4 16. Re3 Na5 17. Rb1 Nb3 18. Be1 Bg5 19. Re2 b5 20. g3 a5 21. h4 Bh6 22.
Nh2 f5 23. exf6 Qxf6 24. Ng4 Qg6 25. Ne5 Qh5 26. Nd7 Rfe8 27. Ne5 b4 28. f3 Qf5
29. g4 Qf4 30. g5 Bxg5 31. hxg5 Qxg5+ 32. Rg2 Qe3+ 33. Kh1 Qf4 34. Bd2 Qf5 35.
Be3 Re7 36. Qc2 Qxc2 37. Rxc2 bxc3 38. bxc3 a4 39. Re2 Rb7 40. Kg2 Ra6 41. f4
Rab6 42. Reb2 Kf8 43. Nf3 Ke7 44. Ng5 h6 45. Nf3 Kf6 46. Kf2 Rb8 47. Ne5 R8b7
48. Kg3 Kf5 49. Ng4 Ke4 50. Nf2+ Kf5 51. Nd1 Ke4 52. Kg4 h5+ 53. Kxh5 Kf5 54.
Kh4 Rb8 55. Kg3 Rh8 56. Nf2 Rb7 57. Rh1 Rxh1 58. Nxh1 Ke4 59. Kf2 Kd3 60. Ng3
Kxc3 61. Ra2 Nxd4 62. Bxd4+ Kxd4 63. Re2 Rb3 64. Rxe6 Rxa3 65. Ne2+ Kc5 66. Rg6
Ra2 67. Rxg7 a3 68. f5 Kd6 69. Ke3 Ke5 70. Nd4 Rb2 71. Re7+ Kf6 72. Re6+ Kf7
73. Ra6 a2 74. Kf4 Rf2+ 75. Ke5 c3 76. Ra7+ Kg8 77. Kxd5 Rd2 78. Ke5 Rxd4 79.
Rxa2 Rc4 80. Rc2 1/2-1/2

[Event "33. Open Ciudad de San Sebastian"]
[Site "San Sebastián ESP"]
[Date "2010.04.04"]
[Round "9.29"]
[White "Segura Del Frago, Imanol"]
[Black "Vea, Odin Blikra"]
[Result "1-0"]
[WhiteElo "2010"]
[BlackElo "2195"]
[PlyCount "92"]
[EventDate "2010.03.28"]
[EventType "swiss"]
[EventRounds "9"]
[EventCountry "ESP"]
[Source "lmi"]
[SourceDate "2010.03.28"]

1. e4 c5 2. Nf3 Nc6 3. d4 cxd4 4. Nxd4 Nf6 5. Nc3 e5 6. Ndb5 h6 7. Nd6+ Bxd6 8.
Qxd6 Qe7 9. Qxe7+ Kxe7 10. Bd3 d6 11. O-O g5 12. a3 Be6 13. Be3 Rac8 14. Rad1
b6 15. Ba6 Rcd8 16. Nd5+ Bxd5 17. exd5 Nb8 18. Be2 Nbd7 19. b4 Ne4 20. Ba6 f5
21. f3 Nef6 22. Bb7 Rb8 23. Bc6 Rbc8 24. a4 Nb8 25. b5 Nbd7 26. Ra1 f4 27. Bf2
Nc5 28. Bxc5 bxc5 29. a5 Rb8 30. Rfb1 g4 31. b6 axb6 32. axb6 Kd8 33. Ra7 Rh7
34. Rba1 Nd7 35. Rc7 Rxb6 36. Raa7 g3 37. Rxd7+ Rxd7 38. Rxd7+ Kc8 39. hxg3
fxg3 40. Kf1 Rb1+ 41. Ke2 Rg1 42. Rxd6 Rxg2+ 43. Ke3 h5 44. Rh6 Rh2 45. d6 Kb8
46. Rh8+ Ka7 1-0

[Event "33. Open Ciudad de San Sebastian"]
[Site "San Sebastián ESP"]
[Date "2010.04.04"]
[Round "9.30"]
[White "Ros Eskisabel, Jose Ramon"]
[Black "Hernandez Lopez, Daniel"]
[Result "1-0"]
[WhiteElo "2143"]
[BlackElo "1955"]
[PlyCount "50"]
[EventDate "2010.03.28"]
[EventType "swiss"]
[EventRounds "9"]
[EventCountry "ESP"]
[Source "lmi"]
[SourceDate "2010.03.28"]

1. e4 c5 2. Nf3 Nc6 3. Bb5 Nd4 4. Nxd4 cxd4 5. c4 g6 6. O-O Bg7 7. d3 e6 8. f4
Ne7 9. Nd2 O-O 10. Ba4 d6 11. Kh1 b6 12. Qe1 Bb7 13. Nf3 e5 14. Bd2 Qc7 15. b4
h6 16. Qh4 Kh7 17. f5 f6 18. fxg6+ Nxg6 19. Qh5 Bc8 20. Bd1 Be6 21. Nh4 Nxh4
22. Qxh4 f5 23. exf5 Bxf5 24. Rxf5 Rxf5 25. Qe4 Raf8 1-0

[Event "33. Open Ciudad de San Sebastian"]
[Site "San Sebastián ESP"]
[Date "2010.04.04"]
[Round "9.31"]
[White "Rodriguez Lapetra, Pablo"]
[Black "Darrigues, Alain"]
[Result "1-0"]
[WhiteElo "2105"]
[BlackElo "1997"]
[PlyCount "83"]
[EventDate "2010.03.28"]
[EventType "swiss"]
[EventRounds "9"]
[EventCountry "ESP"]
[Source "lmi"]
[SourceDate "2010.03.28"]

1. e4 c5 2. Nf3 Nc6 3. d4 cxd4 4. Nxd4 Nf6 5. Nc3 e5 6. Ndb5 d6 7. Bg5 a6 8.
Na3 b5 9. Nd5 Be7 10. Bxf6 Bxf6 11. c3 O-O 12. Nc2 Bg5 13. a4 bxa4 14. Rxa4 a5
15. Bc4 Rb8 16. Ra2 Bd7 17. b3 Kh8 18. Nce3 g6 19. h4 Bh6 20. h5 Kg7 21. Qc1
Rh8 22. Qd1 f5 23. Qf3 Qg5 24. Nc7 f4 25. Rd2 Rhf8 26. Rxd6 fxe3 27. Rxd7+ Kh8
28. Qxe3 Qxe3+ 29. fxe3 Rfd8 30. Rf7 g5 31. Rf6 Rd7 32. Rxc6 Rc8 33. Rxh6 Rcxc7
34. Ra6 Ra7 35. Rxa7 Rxa7 36. Kd2 h6 37. Ra1 Kg7 38. Bb5 g4 39. b4 a4 40. Rxa4
Rf7 41. Ke1 g3 42. Ra6 1-0

[Event "33. Open Ciudad de San Sebastian"]
[Site "San Sebastián ESP"]
[Date "2010.04.04"]
[Round "9.32"]
[White "Molina Rodriguez, Borja"]
[Black "Acosta Garcia, Alfonso Carlos"]
[Result "1-0"]
[WhiteElo "1941"]
[BlackElo "2327"]
[PlyCount "111"]
[EventDate "2010.03.28"]
[EventType "swiss"]
[EventRounds "9"]
[EventCountry "ESP"]
[Source "lmi"]
[SourceDate "2010.03.28"]

1. e4 c5 2. Nf3 d6 3. d4 cxd4 4. Nxd4 Nf6 5. Nc3 a6 6. Be3 e5 7. Nb3 Be6 8. f3
Be7 9. Qd2 O-O 10. O-O-O Qc7 11. g4 Rc8 12. Qf2 Nbd7 13. Kb1 b5 14. g5 Nh5 15.
h4 Rcb8 16. f4 b4 17. Nd5 Bxd5 18. Rxd5 a5 19. Be2 Nxf4 20. Bxf4 exf4 21. Qxf4
Ne5 22. Nd4 Bf8 23. h5 a4 24. Nb5 Qb6 25. Rhd1 b3 26. cxb3 axb3 27. a3 Rd8 28.
Qd2 Rac8 29. Qd4 Qc6 30. Qd2 Qc2+ 31. Ka1 Be7 32. Nc3 Qxd2 33. R5xd2 Bxg5 34.
Rxd6 g6 35. a4 gxh5 36. Bxh5 Nc4 37. Rxd8+ Rxd8 38. Rxd8+ Bxd8 39. Bd1 Nd2 40.
Nd5 Kg7 41. Nb4 Kg6 42. Nc6 Bc7 43. a5 Nxe4 44. a6 Bb6 45. Bxb3 f5 46. Bc2 h6
47. a7 Bxa7 48. Nxa7 h5 49. Bd1 h4 50. b4 Kg5 51. b5 h3 52. Bf3 Nd6 53. b6 Kf4
54. Bh1 Kg3 55. Nb5 Nb7 56. Bxb7 1-0

[Event "33. Open Ciudad de San Sebastian"]
[Site "San Sebastián ESP"]
[Date "2010.04.04"]
[Round "9.33"]
[White "Garro Beraza, Julen"]
[Black "Aranaz Portugues, Jose Carlos"]
[Result "1-0"]
[WhiteElo "1881"]
[BlackElo "2169"]
[PlyCount "97"]
[EventDate "2010.03.28"]
[EventType "swiss"]
[EventRounds "9"]
[EventCountry "ESP"]
[Source "lmi"]
[SourceDate "2010.03.28"]

1. e4 c6 2. d4 d5 3. exd5 cxd5 4. Bd3 Nc6 5. c3 Qc7 6. Nf3 Bg4 7. O-O e6 8. Be3
Bd6 9. h3 Bh5 10. Nbd2 Nge7 11. Qc2 Rc8 12. Rac1 h6 13. Rfe1 a6 14. Qb3 Na5 15.
Qa4+ b5 16. Qc2 f5 17. Ne5 Bxe5 18. dxe5 g5 19. a4 Nc4 20. axb5 axb5 21. Ra1
O-O 22. Bd4 Nc6 23. Nb3 Be8 24. Ra6 Bd7 25. Nc5 Ra8 26. Qe2 Rxa6 27. Nxa6 Nxd4
28. cxd4 Qb6 29. Nc5 Bc8 30. Ra1 Rf7 31. b3 Na5 32. Bxb5 Ra7 33. b4 Nb7 34.
Rxa7 Qxa7 35. Qh5 Qa1+ 36. Kh2 Qxd4 37. Qg6+ Kh8 38. Qxh6+ Kg8 39. Qxg5+ Kh7
40. Qe7+ Kg8 41. Qe8+ Kg7 42. Qxc8 Qxe5+ 43. Kg1 Nd6 44. Qd7+ Kf6 45. Bf1 f4
46. Qh7 Kg5 47. h4+ Kg4 48. f3+ Kg3 49. Qg6+ 1-0

[Event "33. Open Ciudad de San Sebastian"]
[Site "San Sebastián ESP"]
[Date "2010.04.04"]
[Round "9.35"]
[White "Uriarte Prieto, Goyo"]
[Black "Arana Garate, Jon"]
[Result "1-0"]
[WhiteElo "2086"]
[BlackElo "1944"]
[PlyCount "69"]
[EventDate "2010.03.28"]
[EventType "swiss"]
[EventRounds "9"]
[EventCountry "ESP"]
[Source "lmi"]
[SourceDate "2010.03.28"]

1. e4 d6 2. d4 Nf6 3. Nc3 g6 4. Be3 Bg7 5. Qd2 c6 6. Bh6 O-O 7. h4 Bxh6 8. Qxh6
Ng4 9. Qd2 h5 10. O-O-O Kg7 11. f3 Nf6 12. g4 b5 13. Kb1 Nbd7 14. e5 Nd5 15.
Nxd5 cxd5 16. gxh5 Nb6 17. hxg6 fxg6 18. h5 Rh8 19. Bd3 Bf5 20. Bxf5 gxf5 21.
Qg5+ Kf8 22. Qxf5+ Ke8 23. e6 Qc7 24. Ne2 Rf8 25. Qd3 Nc4 26. h6 Qa5 27. h7 Rh8
28. Rdg1 Kd8 29. b3 Na3+ 30. Kb2 b4 31. Rg8+ Kc7 32. Rxa8 Rxa8 33. h8=Q Rxh8
34. Rxh8 Nb5 35. Re8 1-0